| 000 | 00648cam a2200241ua 4500 | ||
|---|---|---|---|
| 001 | 6354 | ||
| 008 | 160614n ii |||gr||||Z||||||eng | ||
| 020 | _a978-0333-92919-3 | ||
| 040 | _cMAIN | ||
| 041 | _aeng | ||
| 082 | _a302.2 | ||
| 100 |
_aMohan,Krishna, _eAuthor., |
||
| 100 |
_aBanerji,Meera, _eAuthor., |
||
| 245 |
_aDeveloping communication skills _cBy Krishna mohan |
||
| 250 | _a1st ed/ rep. | ||
| 260 |
_aNew delhi: _bMacmillan India ltd., _c2007. |
||
| 300 | _axv,291p. | ||
| 653 | _aSocial interaction | ||
| 653 | _aCommunication skills | ||
| 700 |
_aMohan,Krishna, _eAuthor., |
||
| 700 |
_aBanerji,Meera, _eAuthor. |
||
| 942 | _cBK | ||
| 999 |
_c5506 _d5506 |
||